01630nam a2200385 a 4500001001000000003000500010005001700015008004100032010001100073011001100084040000900095090001000104100003700114245015900151260004100310500006000351502007700411590003700488590004000525590004000565650004400605650004800649650004800697650003300745650003200778700004000810856001600850856007000866901000700936942001000943942000600953999001900959952013100978952013501109000113303CHAP20220329144348.0170602s2016 mx sm |||||||spa d a109764 a110736 cCHAP aTesis1 aAlcantar Nava, Elizabeth913246210aNanofertilizantes en la producción de maíz (Zea mays) en Chapingo, México /h[En línea]cpor Elizabeth Alcantar Nava y Liliana Guzmán Francisco. aChapingo, Méx. :bEl autor,c2016. aPara ver el contenido del material haga clic en la liga aTesis (Ing. Agr. Esp. en Fitotecnia) -- UACH. Departamento de Fitotecnia aBATCHb00c20181121lUCH01h0758 aE8697GMMb05c20170602lUCH01h1345 aE8697GMMb05c20170602lUCH01h142514aFertilizantesxEfecto en maíz.94052714aMaízxFisiología y morfología.97095814aMaízxInnovaciones tecnológicas.97098214aMaízxMejoramiento.97100614aMaízxRendimiento.9710511 aGuzmán Francisco, Liliana9132463 a1 n0000177 aFinding aiduhttp://10.13.5.2/tesis/sist113303.pdfzTeclea aquí aBK cTESIS n0 c109764d109764 00104054718TESISaBCbBCd2017-06-02fTESISl0oTesisp113305-10r2019-12-31 00:00:00w2019-12-31yTESISzRecien adquirido 00102local4053708TESISaBCbBCcPA_TESISd2017-06-02fTESISl0oTesisp113305-20r2019-12-31 00:00:00tc.2w2019-12-31yTESIS